Statystyki dla Najpopularniejsze imiona żeńskie nadawane w I połowie 2021 r. A-Z

Kliknij tutaj aby rozwiązać quiz!

Ogólne statystyki

  • Ten quiz został rozwiązany 670 razy
  • Średni wynik to 14 z 26

Statystyki odpowiedzi

LiczbaImię% Poprawnych
Ł931Łucja
84%
Z3,25 tys.Zuzanna
82%
J3,02 tys.Julia
80%
W1,53 tys.Wiktoria
80%
N1,14 tys.Natalia
77%
Ż4Żaneta
75%
O2,37 tys.Oliwia
74%
H3,06 tys.Hanna
69%
U261Urszula
69%
A2,36 tys.Alicja
64%
C97Celina
62%
I1,58 tys.Iga
59%
D257Dominika
57%
E1,74 tys.Emilia
56%
P2,19 tys.Pola
55%
M2,81 tys.Maja
53%
L2,67 tys.Laura
48%
G1,12 tys.Gabriela
45%
R537Róża
44%
F76Felicja
40%
S406Sara
38%
K1,25 tys.Klara
31%
B1,03 tys.Blanka
27%
V43Vanessa
25%
T81Tola
15%
Y5Yeva
2%

Rozkład punktacji

Percentyl według liczby udzielonych odpowiedzi

Procent ludzi z każdym wynikiem

Twoja historia wyników

Nie rozwiązałeś tego quizu